[PAROLES] - William - DAMSO - Paroles - Statistiques

Statistiques générales
  • Ce quiz a été pris 132 fois
  • Le résultat moyen est 202 sur 255
Statistiques - réponses
Paroles % Correct
d
98%
D
98%
de
98%
De
98%
et
98%
l
97%
m
97%
a
95%
à
95%
des
95%
j
95%
J
95%
n
95%
un
95%
c
94%
C
94%
est
94%
qu
94%
s
94%
en
92%
ai
91%
la
91%
La
91%
plus
91%
ce
89%
compliqué
89%
du
89%
une
89%
aime
88%
femme
88%
mon
88%
Mon
88%
numéros
88%
pour
88%
très
88%
grand
86%
mais
86%
on
86%
aimer
84%
défaut
84%
Elle
84%
elle
84%
nudes
84%
recois
84%
trop
84%
le
83%
être
81%
il
81%
Instagram
81%
quitter
81%
Sur
81%
va
81%
cendres
80%
clopes
80%
écris
80%
que
80%
sa
80%
avec
78%
décembre
78%
enfant
78%
Je
78%
quatorze
78%
vie
78%
abdiqué
77%
cognac
77%
dur
77%
mieux
77%
pas
77%
séparer
77%
texte
77%
vivre
77%
ça
75%
Ça
75%
heures
75%
mat
75%
pensais
75%
ses
75%
y
75%
avoir
73%
mère
73%
ensemble
72%
larmes
72%
penser
72%
ou
70%
papa
70%
peur
70%
peut
70%
sèche
70%
trois
70%
beaucoup
69%
fait
69%
cœur
67%
car
66%
dira
66%
donc
66%
mal
66%
même
66%
Même
66%
nous
66%
parlé
66%
quand
66%
chemin
64%
dans
64%
Dernier
64%
parler
64%
réfugie
64%
ensanglanté
63%
mes
63%
pensées
63%
suis
63%
tout
63%
album
61%
Carrera
61%
cause
61%
Porsche
61%
sait
61%
vais
61%
caution
59%
crois
59%
difficile
59%
laisser
59%
signal
59%
sobre
59%
supplie
59%
condamnation
58%
fatigué
58%
œil
58%
partir
58%
rougit
58%
attente
56%
différents
56%
dit
56%
montants
56%
rien
56%
amour
55%
baisé
55%
devient
55%
encore
55%
facile
55%
poche
55%
trempé
55%
blessures
53%
résultat
53%
sans
53%
différentes
52%
martyr
52%
nuit
52%
poteca
52%
compte
50%
souffre
50%
prie
44%
sourire
44%
Aucun quiz correspondant
Distribution des résultats
% des personnes avec chaque résultat
Percentile par nombre de réponses
Votre historique - résultats
Vous n’avez pas pris ce quiz